[Event "NEP-ch Seniors 5th"]
[Site "Kathmandu"]
[Date "2022.11.07"]
[Round "7"]
[White "Gurung, Bijay"]
[Black "Napit, Balaram"]
[Result "0-1"]
[WhiteElo "1724"]
[BlackElo "1836"]
[PlyCount "138"]
[EventDate "2022.11.05"]
[EventType "swiss"]
[EventRounds "7"]
[EventCountry "NEP"]
[SourceTitle "CBM 211 Extra"]
[Source "ChessBase"]
[SourceDate "2023.01.31"]
[SourceVersion "1"]
[SourceVersionDate "2023.01.31"]
[SourceQuality "1"]

1. d4 e6 2. c4 d5 3. Nc3 c6 4. a3 dxc4 5. e4 b5 6. g3 Bb7 7. Bg2 Nf6 8. Bg5 Be7 9. Bxf6 Bxf6 10. e5 Be7 11. Nxb5 Qb6 12. Nc3 Qxb2 13. Nge2 Qb6 14. 0-0 Nd7 15. Rb1 Qc7 16. a4 Nb6 17. f4 Nd5 18. Bxd5 cxd5 19. f5 exf5 20. Rxf5 0-0 21. Rb5 Qd7 22. Qb1 Bc6 23. Rb2 Ba3 24. Ra2 Rab8 25. Qc2 Bb4 26. Rh5 g6 27. Rh4 Be7 28. Rf4 Bg5 29. Rf1 Qg4 30. Nf4 Rb3 31. Kg2 Rfb8 32. h3 Qd7 33. Rf2 Bh6 34. Re2 Re8 35. a5 a6 36. Ra1 Bg7 37. Rae1 Qb7 38. Kh1 Qb4 39. Ncxd5 Qxa5 40. Qxc4 Qb5 41. Qxb5 Rxb5 42. Kh2 Bxd5 43. Rd2 a5 44. Ne2 a4 45. Nc3 Ra5 46. Ra1 Rea8 47. Rb2 a3 48. Rb6 Rc8 49. Nxd5 Rxd5 50. Rd6 Rxd6 51. exd6 Ra8 52. d7 Bxd4 53. Rxa3 Rd8 54. Rd3 Bf6 55. Kg2 Kf8 56. Kf3 Ke7 57. Kf4 Rxd7 58. Rxd7+ Kxd7 59. g4 h6 60. Ke4 Ke6 61. Kf4 Kd5 62. Kf3 Ke5 63. Ke3 Bg5+ 64. Kf3 Kd4 65. Kg3 Ke3 66. h4 Be7 67. h5 g5 68. Kg2 Kf4 69. Kh3 Bf8 0-1

[Event "Olympiad-38"]
[Site "Dresden"]
[Date "2008.11.19"]
[Round "6"]
[White "Napit, Balaram"]
[Black "Khetho, Phemelo"]
[Result "0-1"]
[WhiteElo "1909"]
[BlackElo "2229"]
[PlyCount "52"]
[EventDate "2008.11.13"]
[EventType "team-swiss"]
[EventRounds "11"]
[EventCountry "GER"]
[SourceTitle "CBM 128"]
[Source "ChessBase"]
[SourceDate "2009.01.28"]
[SourceVersion "1"]
[SourceVersionDate "2009.01.28"]
[SourceQuality "1"]
[WhiteTeam "Nepal"]
[BlackTeam "Botswana"]
[WhiteTeamCountry "NEP"]
[BlackTeamCountry "BOT"]

1. e4 c5 2. Nf3 g6 3. d4 cxd4 4. Nxd4 Nc6 5. Nc3 Bg7 6. Be3 Nf6 7. f3 0-0 8. Qd2 d5 9. exd5 Nxd5 10. Nxc6 bxc6 11. Bd4 e5 12. Bc5 Re8 13. Ne4 f5 14. Nd6 e4 15. Nxe8 Bxb2 16. Rd1 Qxe8 17. Kf2 Bc3 18. Qc1 f4 19. Bc4 e3+ 20. Ke2 Be6 21. Qa3 Bd2 22. Bd4 Nc3+ 23. Kd3 Bxc4+ 24. Kxc4 Qe6+ 25. Kd3 Qf5+ 26. Kc4 Qb5# 0-1

[Event "Olympiad-38"]
[Site "Dresden"]
[Date "2008.11.15"]
[Round "3"]
[White "Gonzalez Acosta, Bernal Manuel"]
[Black "Napit, Balaram"]
[Result "1-0"]
[WhiteElo "2432"]
[BlackElo "1909"]
[PlyCount "81"]
[EventDate "2008.11.13"]
[EventType "team-swiss"]
[EventRounds "11"]
[EventCountry "GER"]
[SourceTitle "CBM 128"]
[Source "ChessBase"]
[SourceDate "2009.01.28"]
[SourceVersion "1"]
[SourceVersionDate "2009.01.28"]
[SourceQuality "1"]
[WhiteTeam "Costa Rica"]
[BlackTeam "Nepal"]
[WhiteTeamCountry "CRI"]
[BlackTeamCountry "NEP"]

1. e4 e5 2. d4 exd4 3. Nf3 Nc6 4. Nxd4 d6 5. Nc3 Nf6 6. h3 Be7 7. Nxc6 bxc6 8. Bd3 0-0 9. 0-0 Re8 10. f4 Bf8 11. Qf3 Bd7 12. Bd2 g6 13. f5 Bg7 14. Bg5 h6 15. Bxh6 Bxh6 16. fxg6 Bg7 17. gxf7+ Kxf7 18. g4 Re5 19. h4 Qh8 20. Qg3 Ke7 21. g5 Nh5 22. Qe3 Rc5 23. Ne2 Bg4 24. Kg2 Be5 25. b4 Bxe2 26. bxc5 Bxd3 27. cxd6+ cxd6 28. Qxd3 Bxa1 29. Qb3 Rf8 30. Qb7+ Ke6 31. Qb3+ d5 32. exd5+ cxd5 33. Qh3+ Ke7 34. Qa3+ Ke8 35. Qa4+ Kd8 36. Qa5+ Kc8 37. Qc5+ Kd7 38. Rxf8 Nf4+ 39. Rxf4 Qe5 40. Rf7+ Kd8 41. Qf8+ 1-0